Η αναπαράσταση της γυναίκας στην τέχνη της αναγέννησης : κοινωνικό φύλο, ταυτότητες, περιορισμοί : μεταπτυχιακή διατριβή

Αποθηκεύτηκε σε:
Λεπτομέρειες βιβλιογραφικής εγγραφής
Κύριος συγγραφέας: Ευθυμίου, Ελένη-Χαρά
Συγγραφή απο Οργανισμό/Αρχή: Πανεπιστήμιο Αιγαίου Σχολή Κοινωνικών Επιστημών Τμήμα Κοινωνικής Ανθρωπολογίας και Ιστορίας Πρόγραμμα Μεταπτυχιακών Σπουδών Γυναίκες και Φύλα: Ανθρωπολογικές και Ιστορικές Προσεγγίσεις
Άλλοι συγγραφείς: Παπαμαστοράκης, Τίτος (Εισηγητής διατριβής)
Μορφή: Thesis Βιβλίο
Γλώσσα:Greek
Δημοσίευση: Μυτιλήνη : Πανεπιστήμιο Αιγαίου, Τμήμα Κοινωνικής Ανθρωπολογίας και Ιστορίας, Μεταπτυχιακό Πρόγραμμα Σπουδών Γυναίκες και Φύλα: Ανθρωπολογικές και Ιστορικές Προσεγγίσεις, 2005
Θέματα:
Διαθέσιμο Online:http://hdl.handle.net/11610/11758
Ετικέτες: Προσθήκη ετικέτας
Δεν υπάρχουν, Καταχωρήστε ετικέτα πρώτοι!

MARC

LEADER 00000cam a2200000 i 4500
001 1/26105
008 060314s2005 gre d
035 |l 10083079 
040 |a GR-MY-UA  |b gre  |e aacr 
041 0 |a gre 
082 0 |a 704.042  |2 (22) 
100 1 |a Ευθυμίου, Ελένη-Χαρά. 
245 1 2 |a Η αναπαράσταση της γυναίκας στην τέχνη της αναγέννησης :  |b κοινωνικό φύλο, ταυτότητες, περιορισμοί : μεταπτυχιακή διατριβή /  |c Ελένη-Χαρά Ευθυμίου ; υπεύθυνος καθηγητής Τ. Παπαμαστοράκης 
260 |a Μυτιλήνη :   |b Πανεπιστήμιο Αιγαίου, Τμήμα Κοινωνικής Ανθρωπολογίας και Ιστορίας, Μεταπτυχιακό Πρόγραμμα Σπουδών Γυναίκες και Φύλα: Ανθρωπολογικές και Ιστορικές Προσεγγίσεις,   |c 2005 
300 |a 79 σ.;  |b εικ.;  |c 30 εκ. 
502 |a Διατριβή (μεταπτυχιακή) – Πανεπιστήμιο Αιγαίου, Λέσβος, 2005. 
504 |a Βιβλιογραφία: σ. 62-65 
650 0 0 |a Women in art. 
650 0 0 |a Feminism in art. 
650 0 0 |a Dissertations, Academic  |z Greece. 
700 1 |4 ths  |a Παπαμαστοράκης, Τίτος. 
710 2 |a Πανεπιστήμιο Αιγαίου  |b Σχολή Κοινωνικών Επιστημών  |b Τμήμα Κοινωνικής Ανθρωπολογίας και Ιστορίας  |b Πρόγραμμα Μεταπτυχιακών Σπουδών Γυναίκες και Φύλα: Ανθρωπολογικές και Ιστορικές Προσεγγίσεις. 
852 |a INST  |b LESVOS  |c DIATR  |e 20060314  |h 11  |p 005100035605  |q 005100035605  |t MTXE  |y 23 
852 |a INST  |b LESVOS  |c DIATR  |e 20060314  |h 12  |p 005100035617  |q 005100035617  |t MTXE  |y 23 
856 |u http://hdl.handle.net/11610/11758 
901 |a BIBL1-2006-1 
909 |a Λ  |b 124273 
909 |a Λ  |b 124272 
924 |a Ευθυμίου  |b Ελένη-Χαρά  |y Λέσβος  |z 2006-03 
970 |a Μαρινάτου  |b Μυρσίνη  |z 2006/03/14